| 000 | 00550nam a2200181Ia 4500 | ||
|---|---|---|---|
| 001 | 12830 | ||
| 005 | 20260306163009.0 | ||
| 008 | 260306t2009||||xx |||||||||||||| ||spa|| | ||
| 041 | _aESP | ||
| 082 |
_aRD 343.1 _bG23 |
||
| 100 |
_aGarcía Belaunde Domingo _eAUT |
||
| 245 | 0 |
_aDiccionario de jurisprudencia constitucional: _bdefiniciones y conceptos de derecho civil y derecho procesal civil extraídos de la jurisprudencia |
|
| 260 | _c2009 | ||
| 300 |
_a861 páginas : _c25 cm. |
||
| 650 | _aGEN | ||
| 654 | _aCDE | ||
| 942 |
_cDIC _dJUS _fJUS _2ddc _n |
||
| 999 |
_c12830 _d12830 |
||